LEADER 02060nam0 2200445 i 450 001 VAN0133424 005 20230619095125.693 017 70$2N$a9783662438503 100 $a20210412d2015 |0itac50 ba 101 $aeng 102 $aDE 105 $a|||| ||||| 200 1 $aWavelets in Neuroscience$fAlexander E. Hramov ?$bet al.] 210 $aBerlin$aHeidelberg$cSpringer$d2015 215 $axvi, 318 p.$cill.$d24 cm 410 1$1001VAN0051949$12001 $aSpringer series in synergetics$1210 $aBerlin [etc.]$cSpringer 500 1$3VAN0134230$aWavelets in Neuroscience$91771432 606 $a92C20$xNeural biology [MSC 2020]$3VANC020365$2MF 606 $a92-XX$xBiology and other natural sciences [MSC 2020]$3VANC020839$2MF 606 $a92B20$xNeural networks for/in biological studies, artificial life and related topics [MSC 2020]$3VANC021414$2MF 606 $a92C55$xBiomedical imaging and signal processing [MSC 2020]$3VANC022145$2MF 606 $a65T60$xNumerical methods for wavelets [MSC 2020]$3VANC029258$2MF 610 $aData Analysis in Neurophysics$9KW:K 610 $aDynamical Systems in Neuroscience$9KW:K 610 $aNeurodynamics and Neurophysiology$9KW:K 610 $aNeuronal Networks$9KW:K 610 $aNeuronal Spikes and Activity$9KW:K 610 $aWavelet Theory and Analysis$9KW:K 620 $dBerlin$3VANL000066 620 $aDE$dHeidelberg$3VANL000282 702 1$aHramov$bAlexander E.$3VANV107162 712 $aSpringer $3VANV108073$4650 801 $aIT$bSOL$c20240614$gRICA 856 4 $uhttp://doi.org/10.1007/978-3-662-43850-3$zE-book ? Accesso al full-text attraverso riconoscimento IP di Ateneo, proxy e/o Shibboleth 899 $aBIBLIOTECA DEL DIPARTIMENTO DI MATEMATICA E FISICA$1IT-CE0120$2VAN08 912 $fN 912 $aVAN0133424 950 $aBIBLIOTECA DEL DIPARTIMENTO DI MATEMATICA E FISICA$d08CONS e-book 2259 $e08eMF2259 20210412 996 $aWavelets in Neuroscience$91771432 997 $aUNICAMPANIA LEADER 02001nam0 22004333i 450 001 VAN00274377 005 20250922115150.417 017 70$2N$a9783030764135 100 $a20240404d2021 |0itac50 ba 101 $aeng 102 $aCH 105 $a|||| ||||| 200 1 $aExtended Abstracts Spring 2019$eAdvances in the Anthropological Theory of the Didactic$fBerta Barquero ... [et al.] editors 210 $aCham$cBirkhäuser$cSpringer$d2021 215 $axi, 227 p.$cill.$d24 cm 410 1$1001VAN00059023$12001 $aTrends in mathematics$1210 $aBasel [etc.]$cBirkhäuser$d1997-$v13 410 1$1001VAN00103394$12001 $aTrends in mathematics. Research perspectives CRM Barcelona$1210 $aBasel [etc.]$cBirkhäuser 606 $a91Dxx$xMathematical sociology (including anthropology) [MSC 2020]$3VANC031221$2MF 606 $a97-XX$xMathematics education [MSC 2020]$3VANC023813$2MF 610 $aAnthropological didactic$9KW:K 610 $aDidactic transposition$9KW:K 610 $aInquiry-Based Learning$9KW:K 610 $aMathematical didactics$9KW:K 610 $aMathematics curriculum$9KW:K 610 $aParadigm of questioning the world$9KW:K 610 $aStudy and research paths$9KW:K 610 $aTeacher Education$9KW:K 620 $aCH$dCham$3VANL001889 702 1$aBarquero$bBerta$3VANV226789 712 $aBirkhäuser $3VANV108193$4650 712 $aSpringer $3VANV108073$4650 801 $aIT$bSOL$c20250926$gRICA 856 4 $uhttps://doi.org/10.1007/978-3-030-76413-5$zE-book ? Accesso al full-text attraverso riconoscimento IP di Ateneo, proxy e/o Shibboleth 899 $aBIBLIOTECA DEL DIPARTIMENTO DI MATEMATICA E FISICA$1IT-CE0120$2VAN08 912 $fN 912 $aVAN00274377 950 $aBIBLIOTECA DEL DIPARTIMENTO DI MATEMATICA E FISICA$d08DLOAD e-book 8051 $e08eMF8051 20240412 996 $aExtended abstracts Spring 2019$92883530 997 $aUNICAMPANIA